000 00266nam a2200097Ia 4500
001 760065
005 20250826165141.0
008 250824s9999 xx 000 0 und d
245 0 _aDÜŞÜNCE SİZSİNİZ
_cYazar Adı Belirtilmemiş
260 _bUĞUR BÖCEĞİ YAYINLARI
999 _c760065
_d760065